Science Quiz

Random Science or Letter Quiz

A-Z of the Human Body Quiz Stats

 Plays Quiz Updated Feb 1, 2012

     
Support Sporcle.
Go Orange.
Score 0/26 Timer 07:00
6 Plays Today
Letter Body Part % Correct
LLungs
93.5%
HHeart
92.5%
AAorta
90.5%
FFemur
88.7%
KKidneys
87.5%
TTestes
84.8%
OOvaries
84.2%
RRetina
83.1%
BBrain
82%
GGallbladder
81.2%
DDiaphragm
80.8%
WWisdom Teeth
79.5%
UUrethra
75.7%
Letter Body Part % Correct
QQuadriceps
68.1%
PPectoralis Major
67%
SSpleen
59.9%
VVena Cavae
56.7%
EEpiglottis
53.6%
CCoccyx
46.5%
JJejunum
37.2%
XXiphoid Process
29.7%
ZZygomatic Bones
29%
IIncus
28.3%
MMeninges
25.1%
NNasopharynx
19.5%
YYellow Bone Marrow
16.6%

From the Vault

MLB Over/Under: .300 Career Batting Average

by JayHallahan

Sports 6m
What we've determined is that apparently we know nothing about .300 hitters.
Remove Ads.
Support Sporcle.
Get the best of Sporcle when you Go Orange. This ad-free experience offers more features, more stats, and more fun while also helping to support Sporcle. Thank you for becoming a member.

Show Comments

Extras

Top Quizzes Today


Score Distribution

Your Account Isn't Verified!

In order to create a playlist on Sporcle, you need to verify the email address you used during registration. Go to your Sporcle Settings to finish the process.

Report this User

Report this user for behavior that violates our Community Guidelines.

Details: